|
|
|
|
| LEADER |
00837nam a2200217 a 4500 |
| 001 |
00006842 |
| 008 |
101206r19981993ii a b 001 0 eng |
| 040 |
|
|
|a BD-DhAAL
|c BD-DhAAL
|
| 082 |
0 |
0 |
|a 004.16
|2 20
|
| 100 |
1 |
|
|a Ram, Badri
|
| 245 |
1 |
0 |
|a Fundamentals of microprocessors and microcomputers /
|c Dr. Badri Ram.
|
| 250 |
|
|
|a 4th ed. [revised and enlarged]
|
| 260 |
|
|
|a New Delhi :
|b Dhanpat Rai,
|c c1996.[Reprinted 1998]
|
| 300 |
|
|
|a xvi, 490 p. :
|b ill. ;
|c 24 cm.
|
| 504 |
|
|
|a Includes bibliographical references and indexes.
|
| 541 |
1 |
|
|e 00006842
|
| 650 |
|
0 |
|a Microprocessors
|
| 650 |
|
0 |
|a Microcomputers
|
| 852 |
4 |
|
|a Ayesha Abed library
|j General Shelf
|
| 999 |
|
|
|c 10230
|d 10230
|
| 952 |
|
|
|0 0
|1 0
|2 ddc
|4 0
|6 004_160000000000000_RAM
|7 0
|9 13650
|a BRACUL
|b BRACUL
|c GEN
|d 2010-12-18
|l 3
|m 31
|o 004.16 RAM
|p 3010006842
|r 2023-01-03
|s 2022-10-08
|t 1
|w 2010-12-18
|y BK
|